|
|
|
|
| LEADER |
01274nam a22003017a 4500 |
| 001 |
35993 |
| 003 |
BD-DhAAL |
| 005 |
20250626155311.0 |
| 008 |
191210t1991 enk||||| b||| 00| 0 eng d |
| 020 |
|
|
|a 9780801301940
|
| 020 |
|
|
|a 0801301947
|
| 040 |
|
|
|a BD-DhAAL
|d BD-DhAAL
|
| 082 |
|
|
|a 371.2
|
| 100 |
|
|
|a Ashbaugh, Carl R.
|9 38205
|
| 245 |
|
|
|a Educational leadership :
|b case studies for reflective practice /
|c Carl R. Ashbaugh and Katherine L. Kasten.
|
| 260 |
|
|
|a New York ;
|a London :
|b Longman,
|c c1991.
|
| 300 |
|
|
|a xv, 157 pages ;
|c 22 cm.
|
| 504 |
|
|
|a Includes bibliographical references (pages 157).
|
| 526 |
|
|
|a BIED
|
| 541 |
|
|
|a Complimentary copy from BIED
|e 35993
|
| 650 |
|
|
|a School management and organization
|z United States
|x Case studies.
|9 38206
|
| 650 |
|
|
|a School administrators
|z United States
|x Case studies.
|9 38207
|
| 650 |
|
|
|a Educational leadership
|z United States
|x Case studies.
|9 38208
|
| 700 |
|
|
|a Kasten, Katherine L.
|9 38209
|
| 852 |
|
|
|a Ayesha Abed Library
|c BIED Collection
|
| 942 |
|
|
|2 ddc
|c BK
|
| 999 |
|
|
|c 42031
|d 42031
|
| 952 |
|
|
|0 0
|1 0
|2 ddc
|4 0
|6 371_200000000000000_ASH
|7 0
|9 67419
|a BRACUL
|b BRACUL
|c GEN
|d 2019-12-10
|e Complimentary copy from BIED
|l 0
|o 371.2 ASH
|p 3010035993
|r 2019-12-10
|t 1
|w 2019-12-10
|y BK
|x Transferred from BIED to General Stacks
|